[Event "?"]
[Site "?"]
[Date "????.??.??"]
[Round "?"]
[White "Kurochkina, E."]
[Black "Balakhieva, K."]
[Result "1-0"]
[WhiteElo "1812"]
[BlackElo "1802"]
[PlyCount "81"]
[EventDate "2013.??.??"]

1. d4 d5 2. c4 dxc4 3. Nf3 c6 4. e3 b5 5. a4 Nf6 6. axb5 cxb5 7. b3 Be6 8. bxc4
Bxc4 9. Bxc4 bxc4 10. Qa4+ Nbd7 11. O-O Nd5 12. Qxc4 e6 13. Bd2 a5 14. Nc3 Bb4
15. Nxd5 exd5 16. Qxd5 Bxd2 17. Nxd2 O-O 18. Nc4 a4 19. Qb5 a3 20. Nxa3 Qe7 21.
Qd3 Rfd8 22. Nc4 Rxa1 23. Rxa1 g6 24. h3 Qb4 25. Rb1 Qa4 26. Qb3 Qa7 27. Nd6
Rf8 28. Rc1 Nb6 29. Rc5 Qa1+ 30. Kh2 Qa6 31. Rc7 Na8 32. Rd7 Nb6 33. Rxf7 Nc4
34. Rxf8+ Kxf8 35. Nxc4 Qe6 36. Qb8+ Kg7 37. Ne5 Qf5 38. Qc7+ Kg8 39. Qd8+ Kg7
40. Qe7+ Kg8 41. Ng4 1-0